000 00590nam a2200241Ia 4500
003 AR-RoIUNI
005 20190411141213.0
008 150616s9999 xx 000 0 und d
020 _a847092074X
040 _cIUNIR
040 _dOCLC
_cIUNIR
080 _a618 MAT
100 1 _a Mateu Aragonés, José María
245 1 _aAtlas de Colposcopia
_bFundamentos Histopatologicos significación clínica
250 _a1a. ed.
260 _aBarcelona
260 _bJims
260 _c1973
300 _a287 p.
300 _c27cm
650 1 0 _9100
_aGinecología
942 _cBK
_2cdu
999 _c1065
_d1065